Potravinovú pomoc uvítali najmä dôchodcovia

Bibliographic Details
Main Author: Humeník, Pavol, 1963- (Author)
Format: Article
Language:Slovak
Subjects:

MARC

LEADER 00000nab a2200000 ar4500
001 vtls010335765
003 SK-MaSNL
005 20260303213314.0
008 120118c2011 xo mr|p|||||||000 b|slo
038 |a PPPK 
040 |a PPPKCL  |b slo  |c PPPKCL  |e AACR2 
041 0 |a slo 
044 |a xo  |c SK 
080 |a 364.692-787.9:663/664  |2 2001 
080 |a 364-22  |2 2001 
100 1 |a Humeník, Pavol,  |d 1963-  |4 aut  |9 240569 
245 1 0 |a Potravinovú pomoc uvítali najmä dôchodcovia  |c Pavol Humeník 
650 0 7 |a potravinová pomoc  |2 pppkcl  |9 27839 
650 0 7 |a osoby v hmotnej núdzi  |2 pppkcl  |9 824818 
651 7 |a Kežmarok (Slovensko)  |2 pppkcl  |9 26808 
773 0 |t Kežmarok  |g Roč. XIX, č. 24 (2011), s. 2 
852 |a PPPK  |b KIS3GCP 
999 |c 2211472  |d 2213402